Statistics for Members of the Avengers by Picture

Click here to take the quiz!

General Stats

  • This quiz has been taken 30 times
  • The average score is 19 of 20

Answer Stats

Answer% Correct
Black Panther/T'Challa
100%
Hulk/Bruce Banner
100%
Iron Man/Tony Stark
100%
Ant-Man/Scott Lang
97%
Black Widow/ Natasha Romanoff
97%
Captain America/Sam Wilson
97%
Captain America/Steve Rogers
97%
Captain Marvel/Carol Danvers
97%
Hawkeye/Clint Barton
97%
Quicksilver/Pietro Maximoff
97%
Rocket Raccoon/89P13
97%
Scarlet Witch/Wanda Maximoff
97%
Spider-Man/Peter Parker
97%
Thunder/Thor Odinson
97%
Vision
97%
Nebula
93%
Shang-Chi
90%
War Machine/James Rhodes
90%
Wasp/Hope Van Dyne
86%
Midnight Angel/Okoye
69%

Score Distribution

Percentile by Number Answered

Percent of People with Each Score

Your Score History

You have not taken this quiz